Class action dilemmas pursuing public goals for private gain /

Bibliographic Details
Corporate Author: ProQuest (Firm)
Other Authors: Hensler, Deborah R., 1942-
Format: Electronic eBook
Language:English
Published: Santa Monica, CA : Rand, 2000.
Subjects:
Online Access:Click to View
LEADER 01272nam a22003374a 4500
001 EBC475037
003 MiAaPQ
005 20200520144314.0
006 m o d |
007 cr cn|||||||||
008 000425s2000 caua sb 001 0 eng
010 |z  00033262  
020 |z 0833026046 (hbk.) 
020 |z 0833026011 (pbk.) 
035 |a (MiAaPQ)EBC475037 
035 |a (Au-PeEL)EBL475037 
035 |a (CaPaEBR)ebr5002320 
035 |a (OCoLC)70768994 
040 |a MiAaPQ  |c MiAaPQ  |d MiAaPQ 
050 4 |a KF8896  |b .C528 2000 
082 0 4 |a 347.73/53  |2 21 
245 0 0 |a Class action dilemmas  |h [electronic resource] :  |b pursuing public goals for private gain /  |c Deborah R. Hensler ... [et al.]. 
260 |a Santa Monica, CA :  |b Rand,  |c 2000. 
300 |a xxiv, 609 p. :  |b ill. 
504 |a Includes bibliographical references and index. 
533 |a Electronic reproduction. Ann Arbor, MI : ProQuest, 2015. Available via World Wide Web. Access may be limited to ProQuest affiliated libraries. 
650 0 |a Class actions (Civil procedure)  |z United States. 
655 4 |a Electronic books. 
700 1 |a Hensler, Deborah R.,  |d 1942- 
710 2 |a ProQuest (Firm) 
856 4 0 |u https://ebookcentral.proquest.com/lib/matrademy/detail.action?docID=475037  |z Click to View